A. H. Francke's Pèadagogische Schriften (Record no. 54533)

MARC details
000 -LEADER
campo de control de longitud fija 00768nam a22002175i 4500
001 - NÚMERO DE CONTROL
campo de control 54533
003 - IDENTIFICADOR DE NÚMERO DE CONTROL
campo de control ES-MaACL
007 - CAMPO FIJO DE DESCRIPCIÓN FÍSICA--INFORMACIÓN GENERAL
campo de control de longitud fija t|
008 - DATOS DE LONGITUD FIJA--INFORMACIÓN GENERAL
campo de control de longitud fija 960723s1885 gw ||||1| ger d
040 ## - FUENTE DE CATALOGACIÓN
Centro catalogador/agencia de origen CAM
Lengua de catalogación spa
Centro/agencia transcriptor CAM
100 1# - ENTRADA PRINCIPAL--NOMBRE DE PERSONA
Nombre de persona Francke, August Hernann.
9 (RLIN) 52211
245 10 - MENCIÓN DEL TÍTULO
Título A. H. Francke's Pèadagogische Schriften
Resto del título : nebst der Darstellung seines Lebens und seiner Stiftungen herausgegeben /
Mención de responsabilidad, etc. von D[r]. G. Kramer.
250 ## - MENCION DE EDICION
Mención de edición 2. Aufl.
260 ## - PUBLICACIÓN, DISTRIBUCIÓN, ETC.
Lugar de publicación, distribución, etc. Langensalza :
Nombre del editor, distribuidor, etc. drud und Berlag von Hermann Beyer & Söhne,
Fecha de publicación, distribución, etc. 1885.
300 ## - DESCRIPCIÓN FÍSICA
Extensión XII, LXXXV, 456 p. ;
Dimensiones 21 cm.
490 1# - MENCIÓN DE SERIE
Mención de serie Bibliothek pèadagogischer klassiker
700 1# - ENTRADA AGREGADA--NOMBRE PERSONAL
Nombre de persona Kramer, G.
9 (RLIN) 68728
830 0# - PUNTO DE ACCESO ADICIONAL DE SERIE-TÍTULO UNIFORME
Título uniforme Bibliothek pèadagogischer klassiker
9 (RLIN) 182509
852 ## - LOCALIZACIÓN
Ubicación ES-MaACL
Número de control de estantería G-15168
Holdings
Estatus retirado Estado de pérdida Estado de daño No para préstamo Colección Biblioteca de origen Biblioteca actual Ubicación en estantería Fecha de adquisición Fuente de adquisición Total de préstamos Signatura topográfica completa Código de barras Visto por última vez Precio de reemplazo Tipo de ítem Koha
        Libros del s. XIX Biblioteca del Ateneo de Madrid Biblioteca del Ateneo de Madrid Sala Pecera Planta 3 17/01/2008     G-15168 1057305 23/02/2023 23/02/2023 Libro impreso antiguo